[Event "Aberto Brasil - II Niterói Chess Open "]
[Site "Salão de Convenções do Hot"]
[Date "2022.09.05"]
[Round "7.1"]
[White "Mekhitarian, Krikor Sevag"]
[Black "Delgado Ramirez, Neuris"]
[Result "1/2-1/2"]
[WhiteElo "2544"]
[BlackElo "2559"]
[PlyCount "62"]
[EventDate "2022.09.01"]
[EventRounds "9"]
[EventCountry "BRA"]

{[%evp 0,62,19,31,14,1,-3,6,40,15,34,21,20,-14,7,-2,8,-7,6,8,15,21,8,11,42,48,
48,35,74,69,66,69,69,60,87,79,80,92,64,80,83,87,95,54,59,66,54,40,38,23,51,59,
72,8,-5,19,9,9,10,12,17,17,20,11,12]} 1. d4 {[%emt 0:00:53]} Nf6 {[%emt 0:07:
58]} 2. c4 {[%emt 0:00:02]} e6 {[%emt 0:00:05]} 3. Nf3 {[%emt 0:00:04]} Bb4+ {
[%emt 0:00:05]} 4. Nbd2 {[%emt 0:00:04]} b6 {[%emt 0:00:06]} 5. a3 {[%emt 0:00:
04]} Bxd2+ {[%emt 0:00:05]} 6. Qxd2 {[%emt 0:00:03]} Bb7 {[%emt 0:00:06]} 7. e3
{[%emt 0:00:03]} O-O {[%emt 0:00:12]} 8. Be2 {[%emt 0:00:02]} d6 {[%emt 0:00:
57]} 9. O-O {[%emt 0:00:05]} Nbd7 {[%emt 0:00:10]} 10. b4 {[%emt 0:00:06]} a5 {
[%emt 0:00:13]} 11. Bb2 {[%emt 0:00:22]} axb4 {[%emt 0:00:22]} 12. axb4 {
[%emt 0:00:02]} Qe7 {[%emt 0:00:20]} 13. Qc3 {[%emt 0:00:59]} Rxa1 {[%emt 0:03:
10]} 14. Rxa1 {[%emt 0:00:02]} Ra8 {[%emt 0:00:15]} 15. Rxa8+ {[%emt 0:02:34]}
Bxa8 {[%emt 0:00:19]} 16. Nd2 {[%emt 0:10:24]} Qf8 {[%emt 0:06:47]} 17. f3 {
[%emt 0:03:12]} c5 {[%emt 0:02:44]} 18. dxc5 {[%emt 0:19:29]} dxc5 {[%emt 0:00:
20]} 19. b5 {[%emt 0:00:04]} e5 {[%emt 0:04:17]} 20. Nf1 {[%emt 0:03:00]} Ne8 {
[%emt 0:02:25]} 21. Ng3 {[%emt 0:03:57]} Nd6 {[%emt 0:00:39]} 22. Bd3 {[%emt 0:
04:44]} f6 {[%emt 0:01:38]} 23. Qc2 {[%emt 0:00:54]} g6 {[%emt 0:00:10]} 24. h4
{[%emt 0:12:03]} Kf7 {[%emt 0:02:16]} 25. h5 {[%emt 0:01:16]} Qh6 {[%emt 0:00:
31]} 26. Bc1 {[%emt 0:02:39]} Qg5 {[%emt 0:10:00]} 27. hxg6+ {[%emt 0:00:54]}
hxg6 {[%emt 0:00:12]} 28. Ne4 {[%emt 0:07:22]} Bxe4 {[%emt 0:02:58]} 29. Bxe4 {
[%emt 0:00:02]} Nxe4 {[%emt 0:01:42]} 30. Qxe4 {[%emt 0:00:03]} Ke7 {[%emt 0:
00:59]} 31. Qd5 {[%emt 0:05:21]} Qh4 {[%emt 0:05:15]} 1/2-1/2

[Event "Aberto Brasil - II Niterói Chess Open "]
[Site "Salão de Convenções do Hot"]
[Date "2022.09.05"]
[Round "7.2"]
[White "Viana, Dirceu"]
[Black "Fier, Alexandr"]
[Result "0-1"]
[WhiteElo "2190"]
[BlackElo "2583"]
[PlyCount "160"]
[EventDate "2022.09.01"]
[EventRounds "9"]
[EventCountry "BRA"]

{[%evp 0,58,31,14,12,9,7,6,17,-20,18,34,18,29,19,19,24,15,18,19,19,11,38,-42,
28,29,26,26,19,11,-4,-14,5,-48,-48,-48,52,78,81,-27,-36,-29,-25,-25,-25,-25,
-25,-26,4,17,0,-9,0,-23,0,-2,6,-5,0,-35,-18]} 1. Nf3 {[%emt 0:00:29]} d5 {
[%emt 0:01:01]} 2. e3 {[%emt 0:00:10]} Nf6 {[%emt 0:00:10]} 3. c4 {[%emt 0:00:
05]} e6 {[%emt 0:00:05]} 4. b3 {[%emt 0:00:57]} c6 {[%emt 0:00:05]} 5. Bb2 {
[%emt 0:01:36]} Bd6 {[%emt 0:00:05]} 6. Nc3 {[%emt 0:01:42]} O-O {[%emt 0:00:
06]} 7. d4 {[%emt 0:02:46]} Nbd7 {[%emt 0:00:14]} 8. Be2 {[%emt 0:01:35]} b6 {
[%emt 0:00:07]} 9. O-O {[%emt 0:01:53]} Bb7 {[%emt 0:00:04]} 10. Qc2 {[%emt 0:
01:44]} c5 {[%emt 0:00:40]} 11. cxd5 {[%emt 0:04:39]} exd5 {[%emt 0:00:05]} 12.
Rfd1 {[%emt 0:01:53]} Rc8 {[%emt 0:00:25]} 13. Rac1 {[%emt 0:01:35]} cxd4 {
[%emt 0:02:49]} 14. Nxd4 {[%emt 0:05:06]} Ne4 {[%emt 0:00:05]} 15. Bd3 {
[%emt 0:14:33]} Ne5 {[%emt 0:14:31]} 16. Nf5 {[%emt 0:12:24]} Nxc3 {[%emt 0:02:
54]} 17. Bxc3 {[%emt 0:09:48]} d4 {[%emt 0:02:56]} 18. Nxd6 {[%emt 0:09:15]}
Rxc3 {[%emt 0:01:11]} 19. Nxb7 {[%emt 0:00:20]} Rxc2 {[%emt 0:07:25]} 20. Nxd8
{[%emt 0:00:04]} Rxc1 {[%emt 0:00:03]} 21. Rxc1 {[%emt 0:01:13]} Rxd8 {[%emt 0:
00:04]} 22. Ba6 {[%emt 0:02:58]} dxe3 {[%emt 0:02:27]} 23. fxe3 {[%emt 0:00:12]
} Ng4 {[%emt 0:03:23]} 24. h3 {[%emt 0:02:09]} Nxe3 {[%emt 0:00:29]} 25. Rc7 {
[%emt 0:00:02]} h5 {[%emt 0:02:24]} 26. Rxa7 {[%emt 0:02:28]} Rd2 {[%emt 0:00:
21]} 27. Bb7 {[%emt 0:03:36]} h4 {[%emt 0:00:04]} 28. Bf3 {[%emt 0:00:51]} Kf8
{[%emt 0:00:27]} 29. Rb7 {[%emt 0:00:44]} Rxa2 {[%emt 0:00:14]} 30. Rxb6 {
[%emt 0:00:08]} Rb2 {[%emt 0:00:07]} 31. b4 {[%emt 0:01:43]} Nf5 {[%emt 0:00:
03]} 32. Rb7 {[%emt 0:01:40]} Ng3 {[%emt 0:00:53]} 33. Rb8+ {[%emt 0:11:21]}
Ke7 {[%emt 0:00:04]} 34. Bc6 {[%emt 0:00:26]} f5 {[%emt 0:04:01]} 35. Re8+ {
[%emt 0:01:31]} Kf6 {[%emt 0:00:02]} 36. b5 {[%emt 0:00:07]} Kg5 {[%emt 0:00:
02]} 37. Re1 {[%emt 0:00:45]} Kf4 {[%emt 0:00:02]} 38. Ra1 {[%emt 0:00:55]} g5
{[%emt 0:00:04]} 39. Ra4+ {[%emt 0:00:37]} Ke3 {[%emt 0:00:50]} 40. Ra3+ {
[%emt 0:00:09]} Ke2 {[%emt 0:00:06]} 41. Ra1 {[%emt 0:00:22]} Kd2 {[%emt 0:02:
44]} 42. Bd7 {[%emt 0:00:35]} Ne2+ {[%emt 0:00:54]} 43. Kh2 {[%emt 0:01:29]}
Ng3 {[%emt 0:00:26]} 44. Kg1 {[%emt 0:00:05]} Ke3 {[%emt 0:00:03]} 45. Re1+ {
[%emt 0:00:42]} Kf4 {[%emt 0:00:16]} 46. Ra1 {[%emt 0:00:10]} Ne2+ {[%emt 0:00:
50]} 47. Kh2 {[%emt 0:00:47]} Nd4 {[%emt 0:00:03]} 48. Rd1 {[%emt 0:02:01]}
Nf3+ {[%emt 0:02:12]} 49. Kh1 {[%emt 0:00:09]} Ne5 {[%emt 0:00:02]} 50. Rf1+ {
[%emt 0:00:34]} Kg3 {[%emt 0:00:05]} 51. Bxf5 {[%emt 0:00:17]} Rxb5 {[%emt 0:
01:38]} 52. Rb1 {[%emt 0:00:38]} Rc5 {[%emt 0:00:28]} 53. Be4 {[%emt 0:00:48]}
g4 {[%emt 0:00:41]} 54. hxg4 {[%emt 0:00:47]} Nxg4 {[%emt 0:00:03]} 55. Kg1 {
[%emt 0:00:54]} Rc3 {[%emt 0:00:16]} 56. Bb7 {[%emt 0:00:22]} Nf2 {[%emt 0:00:
37]} 57. Bd5 {[%emt 0:01:11]} Nd3 {[%emt 0:00:43]} 58. Bb7 {[%emt 0:00:18]} Nf4
{[%emt 0:00:04]} 59. Rf1 {[%emt 0:00:25]} h3 {[%emt 0:00:04]} 60. gxh3 {
[%emt 0:00:48]} Nxh3+ {[%emt 0:00:16]} 61. Kh1 Nf2+ {[%emt 0:00:43]} 62. Kg1 {
[%emt 0:00:02]} Rc2 {[%emt 0:00:04]} 63. Rb1 {[%emt 0:01:26]} Rd2 {[%emt 0:00:
05]} 64. Rb3+ {[%emt 0:00:29]} Nd3 {[%emt 0:00:04]} 65. Rb1 {[%emt 0:00:05]}
Re2 {[%emt 0:00:15]} 66. Kf1 {[%emt 0:00:31]} Re7 {[%emt 0:00:06]} 67. Kg1 {
[%emt 0:00:34]} Rg7 {[%emt 0:00:21]} 68. Bg2 {[%emt 0:00:52]} Kf4 {[%emt 0:00:
29]} 69. Kf1 {[%emt 0:00:26]} Ke3 {[%emt 0:00:03]} 70. Bb7 {[%emt 0:00:19]} Rh7
{[%emt 0:00:07]} 71. Kg1 {[%emt 0:00:25]} Nf4 {[%emt 0:00:31]} 72. Rb3+ {
[%emt 0:00:18]} Kd2 {[%emt 0:00:04]} 73. Kf2 {[%emt 0:00:53]} Nd3+ {[%emt 0:00:
04]} 74. Kg3 {[%emt 0:00:19]} Nc5 {[%emt 0:00:04]} 75. Rb2+ {[%emt 0:00:45]}
Kc3 {[%emt 0:00:04]} 76. Rb6 {[%emt 0:00:32]} Nxb7 {[%emt 0:00:05]} 77. Kg4 {
[%emt 0:00:27]} Kd4 {[%emt 0:00:05]} 78. Kf5 {[%emt 0:00:30]} Kd5 {[%emt 0:00:
16]} 79. Kg6 {[%emt 0:00:34]} Rd7 {[%emt 0:00:06]} 80. Kf5 {[%emt 0:00:08]}
Nd6+ {[%emt 0:00:10]} 0-1

[Event "Aberto Brasil - II Niterói Chess Open "]
[Site "Salão de Convenções do Hot"]
[Date "2022.09.05"]
[Round "7.3"]
[White "Quintiliano Pinto, Renato R."]
[Black "Guimaraes, Wagner Peixoto"]
[Result "1-0"]
[WhiteElo "2504"]
[BlackElo "2188"]
[PlyCount "63"]
[EventDate "2022.09.01"]
[EventRounds "9"]
[EventCountry "BRA"]

{[%evp 0,39,34,12,41,14,28,-43,-8,-19,11,19,30,22,27,27,25,21,30,30,44,44,67,
52,61,78,70,102,99,57,72,101,102,136,160,147,301,324,249,212,213,223]} 1. Nf3 {
[%emt 0:00:05]} c5 {[%emt 0:06:04]} 2. c4 {[%emt 0:01:50]} Nc6 {[%emt 0:01:24]}
3. d4 {[%emt 0:00:57]} cxd4 {[%emt 0:00:07]} 4. Nxd4 {[%emt 0:00:04]} g6 {
[%emt 0:00:43]} 5. e4 {[%emt 0:00:10]} Bg7 {[%emt 0:00:11]} 6. Be3 {[%emt 0:00:
08]} d6 {[%emt 0:03:37]} 7. Nc3 {[%emt 0:02:16]} Nf6 {[%emt 0:01:16]} 8. Be2 {
[%emt 0:00:14]} Nxd4 {[%emt 0:01:26]} 9. Bxd4 {[%emt 0:00:09]} O-O {[%emt 0:00:
08]} 10. O-O {[%emt 0:00:09]} Nd7 {[%emt 0:07:45]} 11. Bxg7 {[%emt 0:07:22]}
Kxg7 {[%emt 0:00:10]} 12. Qd4+ {[%emt 0:01:34]} Kg8 {[%emt 0:00:17]} 13. Rad1 {
[%emt 0:00:21]} Re8 {[%emt 0:08:19]} 14. Kh1 {[%emt 0:15:37]} Ne5 {[%emt 0:11:
33]} 15. c5 {[%emt 0:02:45]} Be6 {[%emt 0:03:09]} 16. f4 {[%emt 0:03:53]} Nc6 {
[%emt 0:02:23]} 17. Qe3 {[%emt 0:03:04]} Qc8 {[%emt 0:05:58]} 18. f5 {[%emt 0:
04:10]} gxf5 {[%emt 0:03:50]} 19. Qg5+ {[%emt 0:00:27]} Kh8 {[%emt 0:00:05]}
20. exf5 {[%emt 0:00:15]} Rg8 {[%emt 0:00:39]} 21. Qh5 {[%emt 0:04:31]} Bd7 {
[%emt 0:00:23]} 22. cxd6 {[%emt 0:00:17]} f6 {[%emt 0:11:20]} 23. dxe7 {
[%emt 0:00:15]} Nxe7 {[%emt 0:02:01]} 24. Qf7 {[%emt 0:03:53]} Rg7 {[%emt 0:03:
31]} 25. Qxf6 {[%emt 0:00:18]} Bxf5 {[%emt 0:01:01]} 26. Bf3 {[%emt 0:02:57]}
Bg6 {[%emt 0:11:04]} 27. Rfe1 {[%emt 0:07:09]} Ng8 {[%emt 0:01:42]} 28. Qd4 {
[%emt 0:00:56]} Qf8 {[%emt 0:02:58]} 29. Nd5 {[%emt 0:01:50]} Nh6 {[%emt 0:02:
23]} 30. Nc7 {[%emt 0:02:30]} Nf5 {[%emt 0:04:09]} 31. Qe5 {[%emt 0:00:13]} Nh4
{[%emt 0:02:00]} 32. Bxb7 {[%emt 0:03:15]} 1-0

[Event "Aberto Brasil - II Niterói Chess Open "]
[Site "Salão de Convenções do Hot"]
[Date "2022.09.05"]
[Round "7.4"]
[White "Tomiello, Lucas Costamilan"]
[Black "Santiago, Yago De Moura"]
[Result "1/2-1/2"]
[WhiteElo "2147"]
[BlackElo "2448"]
[PlyCount "123"]
[EventDate "2022.09.01"]
[EventRounds "9"]
[EventCountry "BRA"]

{[%evp 0,33,36,32,78,60,75,65,80,70,62,45,49,15,16,26,39,-29,-31,-31,-26,-11,
-6,-32,-26,-54,-37,-1,21,37,51,28,57,21,27,-4]} 1. e4 {[%emt 0:00:07]} d6 {
[%emt 0:03:05]} 2. d4 {[%emt 0:00:41]} Nf6 {[%emt 0:00:09]} 3. Nc3 {[%emt 0:00:
10]} g6 {[%emt 0:00:27]} 4. h3 {[%emt 0:01:05]} Bg7 {[%emt 0:00:15]} 5. g4 {
[%emt 0:01:00]} Nfd7 {[%emt 0:05:05]} 6. Bg2 {[%emt 0:04:13]} c5 {[%emt 0:00:
34]} 7. d5 {[%emt 0:00:42]} Qa5 {[%emt 0:01:00]} 8. Nge2 {[%emt 0:06:29]} b5 {
[%emt 0:00:27]} 9. O-O {[%emt 0:01:57]} b4 {[%emt 0:16:21]} 10. Nb1 {[%emt 0:
00:07]} Nb6 {[%emt 0:02:02]} 11. c3 {[%emt 0:06:18]} Ba6 {[%emt 0:03:52]} 12.
Re1 {[%emt 0:04:18]} Qa4 {[%emt 0:04:42]} 13. b3 {[%emt 0:05:23]} Qd7 {[%emt 0:
00:11]} 14. Bb2 {[%emt 0:02:14]} O-O {[%emt 0:02:05]} 15. Qc2 {[%emt 0:04:20]}
Bxe2 {[%emt 0:01:19]} 16. Rxe2 {[%emt 0:01:26]} a5 {[%emt 0:06:57]} 17. cxb4 {
[%emt 0:24:45]} Bxb2 {[%emt 0:02:18]} 18. Qxb2 {[%emt 0:00:03]} cxb4 {[%emt 0:
01:15]} 19. e5 {[%emt 0:04:58]} a4 {[%emt 0:15:25]} 20. Nd2 {[%emt 0:02:45]}
axb3 {[%emt 0:02:14]} 21. axb3 {[%emt 0:03:47]} Rxa1+ {[%emt 0:00:33]} 22. Qxa1
{[%emt 0:00:02]} Qb5 {[%emt 0:00:33]} 23. Re1 {[%emt 0:03:37]} dxe5 {[%emt 0:
13:55]} 24. Rxe5 {[%emt 0:03:53]} Qd3 {[%emt 0:02:18]} 25. Qe1 {[%emt 0:01:58]}
Nc8 {[%emt 0:00:24]} 26. Re3 {[%emt 0:01:57]} Qb5 {[%emt 0:01:15]} 27. Nc4 {
[%emt 0:02:50]} Nd7 {[%emt 0:00:43]} 28. Qd2 {[%emt 0:04:20]} Qc5 {[%emt 0:03:
05]} 29. Re4 {[%emt 0:02:36]} Nf6 {[%emt 0:04:56]} 30. Rd4 {[%emt 0:00:35]} Na7
{[%emt 0:00:13]} 31. d6 {[%emt 0:03:17]} Nb5 {[%emt 0:01:59]} 32. Rd3 {[%emt 0:
00:31]} Nxd6 {[%emt 0:03:20]} 33. Nxd6 {[%emt 0:00:05]} exd6 {[%emt 0:00:02]}
34. Rxd6 {[%emt 0:00:24]} Kg7 {[%emt 0:00:21]} 35. Qd4 {[%emt 0:00:53]} Qxd4 {
[%emt 0:00:11]} 36. Rxd4 {[%emt 0:00:01]} Rb8 {[%emt 0:00:10]} 37. Kf1 {
[%emt 0:00:30]} g5 {[%emt 0:01:06]} 38. Ke2 {[%emt 0:01:11]} h5 {[%emt 0:01:54]
} 39. Kd3 {[%emt 0:00:29]} hxg4 {[%emt 0:00:09]} 40. hxg4 {[%emt 0:00:03]} Ne8
{[%emt 0:00:13]} 41. Kc4 {[%emt 0:01:57]} Nc7 {[%emt 0:00:41]} 42. Rd7 {
[%emt 0:00:53]} Ne6 {[%emt 0:00:02]} 43. Bd5 {[%emt 0:00:48]} Kf6 {[%emt 0:00:
05]} 44. Rb7 {[%emt 0:00:54]} Rd8 {[%emt 0:01:17]} 45. Bxe6 {[%emt 0:01:02]}
fxe6 {[%emt 0:01:10]} 46. Rxb4 {[%emt 0:00:32]} Rd2 {[%emt 0:00:01]} 47. Rb8 {
[%emt 0:00:42]} Kf7 {[%emt 0:00:01]} 48. Rb7+ {[%emt 0:01:07]} Kf6 49. Rb8 {
[%emt 0:00:11]} Kf7 {[%emt 0:00:01]} 50. b4 {[%emt 0:00:36]} Rxf2 {[%emt 0:00:
02]} 51. b5 {[%emt 0:00:24]} Ke7 {[%emt 0:03:49]} 52. b6 {[%emt 0:00:39]} Kd7 {
[%emt 0:01:18]} 53. Rg8 {[%emt 0:00:29]} Kc6 {[%emt 0:00:41]} 54. Rxg5 {
[%emt 0:00:14]} Kxb6 {[%emt 0:00:05]} 55. Kd4 {[%emt 0:00:22]} Kc7 {[%emt 0:00:
30]} 56. Ke5 {[%emt 0:00:26]} Kd7 {[%emt 0:00:06]} 57. Rg7+ {[%emt 0:00:14]}
Ke8 {[%emt 0:00:05]} 58. Kxe6 {[%emt 0:00:32]} Kf8 {[%emt 0:00:05]} 59. Rg5 {
[%emt 0:00:26]} Ra2 {[%emt 0:00:06]} 60. Rd5 {[%emt 0:00:24]} Kg7 {[%emt 0:00:
14]} 61. Kf5 {[%emt 0:00:11]} Ra7 {[%emt 0:00:10]} 62. Re5 {[%emt 0:00:30]}
1/2-1/2

[Event "Aberto Brasil - II Niterói Chess Open "]
[Site "Salão de Convenções do Hot"]
[Date "2022.09.05"]
[Round "7.5"]
[White "Barbosa, Evandro Amorim"]
[Black "Piccoli, Lucas Fonseca"]
[Result "1/2-1/2"]
[WhiteElo "2481"]
[BlackElo "2156"]
[PlyCount "144"]
[EventDate "2022.09.01"]
[EventRounds "9"]
[EventCountry "BRA"]

{[%evp 0,32,32,32,74,58,58,50,47,36,49,36,44,14,11,19,20,27,18,29,24,23,41,50,
53,54,53,42,60,47,49,33,28,20,29]} 1. e4 {[%emt 0:01:28]} c6 {[%emt 0:07:18]}
2. d4 {[%emt 0:00:10]} d5 {[%emt 0:00:06]} 3. Nc3 {[%emt 0:00:12]} dxe4 {
[%emt 0:00:33]} 4. Nxe4 {[%emt 0:00:07]} Nf6 {[%emt 0:01:52]} 5. Nxf6+ {
[%emt 0:00:11]} exf6 {[%emt 0:00:08]} 6. Be3 {[%emt 0:00:32]} Bd6 {[%emt 0:03:
18]} 7. Bd3 {[%emt 0:01:46]} O-O {[%emt 0:01:33]} 8. Ne2 {[%emt 0:00:12]} Re8 {
[%emt 0:02:50]} 9. O-O {[%emt 0:00:28]} Bg4 {[%emt 0:01:35]} 10. Qd2 {[%emt 0:
02:13]} Bh5 {[%emt 0:16:15]} 11. Nf4 {[%emt 0:01:56]} Bg6 {[%emt 0:00:29]} 12.
Nxg6 {[%emt 0:00:44]} hxg6 {[%emt 0:00:03]} 13. Rfe1 {[%emt 0:00:31]} Nd7 {
[%emt 0:00:16]} 14. c4 {[%emt 0:01:59]} f5 {[%emt 0:00:37]} 15. c5 {[%emt 0:06:
26]} Be7 {[%emt 0:07:40]} 16. Qb4 {[%emt 0:05:31]} b6 {[%emt 0:18:24]} 17. Ba6
{[%emt 0:19:51]} Qc7 {[%emt 0:03:11]} 18. Rec1 {[%emt 0:03:55]} Nf6 {[%emt 0:
05:12]} 19. Bd2 {[%emt 0:08:40]} Nd5 {[%emt 0:01:36]} 20. Qc4 {[%emt 0:02:34]}
bxc5 {[%emt 0:04:38]} 21. dxc5 {[%emt 0:00:18]} Bf6 {[%emt 0:00:04]} 22. Rab1 {
[%emt 0:04:20]} Re4 {[%emt 0:00:41]} 23. Qc2 {[%emt 0:00:56]} Be5 {[%emt 0:03:
59]} 24. g3 {[%emt 0:10:03]} Bd4 {[%emt 0:03:34]} 25. Bd3 {[%emt 0:04:01]} Rg4
{[%emt 0:05:03]} 26. Kg2 {[%emt 0:00:55]} f4 {[%emt 0:00:10]} 27. Qd1 {[%emt 0:
00:59]} Nf6 {[%emt 0:02:17]} 28. Qf3 {[%emt 0:00:46]} fxg3 {[%emt 0:00:08]} 29.
hxg3 {[%emt 0:00:32]} Be5 {[%emt 0:01:03]} 30. Rc4 {[%emt 0:04:31]} Rd4 {
[%emt 0:00:03]} 31. Rxd4 {[%emt 0:00:21]} Bxd4 {[%emt 0:00:01]} 32. b4 {
[%emt 0:00:27]} Rd8 {[%emt 0:01:10]} 33. Rd1 {[%emt 0:01:37]} Rd5 {[%emt 0:01:
49]} 34. Bf4 {[%emt 0:05:07]} Be5 {[%emt 0:01:16]} 35. Be3 {[%emt 0:00:43]} Bc3
{[%emt 0:02:11]} 36. a3 {[%emt 0:02:09]} a5 {[%emt 0:01:40]} 37. bxa5 {[%emt 0:
00:42]} Bxa5 {[%emt 0:02:18]} 38. Bc2 {[%emt 0:01:47]} Rh5 {[%emt 0:03:18]} 39.
Rh1 {[%emt 0:01:25]} Rd5 {[%emt 0:00:39]} 40. Rh4 {[%emt 0:03:20]} Bd2 {
[%emt 0:00:21]} 41. Be4 {[%emt 0:02:54]} Nxe4 {[%emt 0:01:13]} 42. Qxe4 {
[%emt 0:00:12]} Re5 {[%emt 0:00:48]} 43. Qa4 {[%emt 0:00:32]} Rd5 {[%emt 0:00:
33]} 44. Bxd2 {[%emt 0:02:35]} Rxd2 {[%emt 0:00:01]} 45. Rd4 {[%emt 0:00:15]}
Rb2 {[%emt 0:00:59]} 46. Rd6 {[%emt 0:00:23]} Rb5 {[%emt 0:00:32]} 47. Qd4 {
[%emt 0:00:29]} Rb8 {[%emt 0:00:33]} 48. Rd7 {[%emt 0:00:13]} Qc8 {[%emt 0:00:
17]} 49. Qd6 {[%emt 0:00:18]} Qe8 {[%emt 0:00:40]} 50. Qxc6 {[%emt 0:01:42]}
Rc8 {[%emt 0:00:03]} 51. Qd6 {[%emt 0:00:07]} Qe4+ {[%emt 0:00:10]} 52. Kh2 {
[%emt 0:00:07]} Qf3 {[%emt 0:00:54]} 53. Rd8+ {[%emt 0:00:23]} Kh7 {[%emt 0:00:
55]} 54. Kg1 {[%emt 0:00:35]} Rxd8 {[%emt 0:00:33]} 55. Qxd8 {[%emt 0:00:03]}
Qxa3 {[%emt 0:00:03]} 56. Qd5 {[%emt 0:00:30]} Qa5 {[%emt 0:00:26]} 57. Kg2 {
[%emt 0:00:16]} f6 {[%emt 0:00:28]} 58. Qc4 {[%emt 0:00:10]} f5 {[%emt 0:00:59]
} 59. c6 {[%emt 0:00:12]} Qc7 {[%emt 0:00:02]} 60. Qe6 {[%emt 0:00:35]} f4 {
[%emt 0:00:42]} 61. Qh3+ {[%emt 0:02:02]} Kg8 62. Qd7 {[%emt 0:00:16]} Qe5 {
[%emt 0:00:05]} 63. c7 {[%emt 0:00:24]} Qe4+ {[%emt 0:00:30]} 64. Kh2 {[%emt 0:
01:40]} fxg3+ {[%emt 0:00:15]} 65. Kxg3 {[%emt 0:00:20]} Qe5+ {[%emt 0:00:25]}
66. Kf3 {[%emt 0:00:11]} Qc3+ {[%emt 0:01:35]} 67. Ke4 {[%emt 0:00:13]} Qc4+ {
[%emt 0:00:36]} 68. Ke5 {[%emt 0:00:18]} Qc3+ {[%emt 0:00:15]} 69. Kd6 {
[%emt 0:00:28]} Qd4+ {[%emt 0:00:15]} 70. Kc6 {[%emt 0:01:23]} Qa4+ {[%emt 0:
00:06]} 71. Kd6 {[%emt 0:00:14]} Qd4+ {[%emt 0:00:01]} 72. Ke6 {[%emt 0:00:10]}
Qe4+ {[%emt 0:00:05]} 1/2-1/2

[Event "Aberto Brasil - II Niterói Chess Open "]
[Site "Salão de Convenções do Hot"]
[Date "2022.09.05"]
[Round "7.6"]
[White "Di Berardino, Diego Rafael"]
[Black "Do Valle Cardoso, Lucas"]
[Result "1-0"]
[WhiteElo "2464"]
[BlackElo "2162"]
[PlyCount "83"]
[EventDate "2022.09.01"]
[EventRounds "9"]
[EventCountry "BRA"]

{[%evp 0,25,31,14,19,17,34,19,32,43,49,60,44,35,31,31,35,34,28,30,24,12,25,-49,
27,22,37,49]} 1. d4 {[%emt 0:01:23]} d5 {[%emt 0:01:44]} 2. c4 {[%emt 0:00:08]}
dxc4 {[%emt 0:00:14]} 3. Nf3 {[%emt 0:00:40]} Nf6 {[%emt 0:00:09]} 4. e3 {
[%emt 0:00:17]} b5 {[%emt 0:00:11]} 5. a4 {[%emt 0:00:36]} b4 {[%emt 0:00:09]}
6. Bxc4 {[%emt 0:00:06]} e6 {[%emt 0:00:06]} 7. O-O {[%emt 0:00:42]} Be7 {
[%emt 0:00:07]} 8. a5 {[%emt 0:00:59]} O-O {[%emt 0:01:58]} 9. a6 {[%emt 0:01:
23]} Nbd7 {[%emt 0:02:38]} 10. Nbd2 {[%emt 0:03:56]} c5 {[%emt 0:00:39]} 11. e4
{[%emt 0:01:50]} Nb6 {[%emt 0:03:16]} 12. e5 {[%emt 0:08:50]} Nfd5 {[%emt 0:00:
43]} 13. Bd3 {[%emt 0:00:09]} cxd4 {[%emt 0:01:08]} 14. Nb3 {[%emt 0:05:47]}
Bd7 {[%emt 0:02:03]} 15. Qe2 {[%emt 0:00:59]} Rc8 {[%emt 0:02:11]} 16. Qe4 {
[%emt 0:01:02]} g6 {[%emt 0:01:22]} 17. h4 {[%emt 0:26:37]} f5 {[%emt 0:06:38]}
18. exf6 {[%emt 0:06:20]} Nxf6 {[%emt 0:01:20]} 19. Qe2 {[%emt 0:03:31]} Bd6 {
[%emt 0:10:46]} 20. Bg5 {[%emt 0:05:45]} Qe7 {[%emt 0:09:32]} 21. Ne5 {[%emt 0:
01:17]} Bxe5 {[%emt 0:00:56]} 22. Qxe5 {[%emt 0:00:04]} Bc6 {[%emt 0:00:19]}
23. Nxd4 {[%emt 0:02:09]} Bd5 {[%emt 0:00:15]} 24. Rfe1 {[%emt 0:07:52]} Qf7 {
[%emt 0:07:30]} 25. f3 {[%emt 0:03:02]} Nfd7 {[%emt 0:07:50]} 26. Qe3 {[%emt 0:
05:01]} Nc5 {[%emt 0:02:27]} 27. Bb5 {[%emt 0:02:10]} Nc4 {[%emt 0:00:23]} 28.
Bxc4 {[%emt 0:00:48]} Bxc4 {[%emt 0:00:06]} 29. Rec1 {[%emt 0:01:24]} e5 {
[%emt 0:01:53]} 30. Nb5 {[%emt 0:00:04]} Bxb5 {[%emt 0:05:15]} 31. Rxc5 {
[%emt 0:00:04]} Rxc5 {[%emt 0:01:14]} 32. Qxc5 {[%emt 0:00:04]} Qc4 {[%emt 0:
00:26]} 33. Qxe5 {[%emt 0:01:29]} Re8 {[%emt 0:00:29]} 34. Qd6 {[%emt 0:01:02]}
b3 {[%emt 0:00:06]} 35. Rc1 {[%emt 0:00:54]} Qe6 {[%emt 0:01:04]} 36. Qd4 {
[%emt 0:03:03]} Qf7 {[%emt 0:05:32]} 37. Bd2 {[%emt 0:01:55]} h5 {[%emt 0:01:
07]} 38. Rc5 {[%emt 0:01:19]} Bxa6 {[%emt 0:02:29]} 39. Bc3 {[%emt 0:00:05]}
Kh7 {[%emt 0:00:04]} 40. Ra5 {[%emt 0:02:47]} Bb7 {[%emt 0:00:11]} 41. Rxa7 {
[%emt 0:00:09]} Qe7 {[%emt 0:00:23]} 42. Qb6 {[%emt 0:01:08]} 1-0